[Event "Feffernitz op 26th"]
[Site "Feffernitz"]
[Date "2017.08.20"]
[Round "2"]
[White "Zozulia, Anna"]
[Black "Frey, Armin"]
[Result "1-0"]
[WhiteElo "2309"]
[BlackElo "1961"]
[PlyCount "51"]
[EventDate "2017.08.20"]
[EventType "swiss"]
[EventRounds "9"]
[EventCountry "AUT"]
[SourceTitle "CBM 180 Extra"]
[Source "ChessBase"]
[SourceDate "2017.10.06"]
[SourceVersion "1"]
[SourceVersionDate "2017.10.06"]
[SourceQuality "1"]

1. e4 c5 2. Nf3 e6 3. d4 cxd4 4. Nxd4 a6 5. Nc3 Qc7 6. Be2 d6 7. 0-0 b6 8. f4 Nf6 9. Bf3 e5 10. Nf5 Bb7 11. g4 g6 12. Ng3 Nc6 13. g5 Nd7 14. Nd5 Qd8 15. Bg4 Be7 16. f5 Nd4 17. f6 Bf8 18. c3 Nc6 19. Be3 h5 20. Nxh5 gxh5 21. Bxh5 Na5 22. g6 Nc5 23. Bxc5 bxc5 24. gxf7+ Kd7 25. Bg4+ Kc6 26. Qa4# 1-0

[Event "Feffernitz op 25th"]
[Site "Feffernitz"]
[Date "2016.08.26"]
[Round "7"]
[White "Zozulia, Anna"]
[Black "Frey, Armin"]
[Result "1-0"]
[WhiteElo "2323"]
[BlackElo "1986"]
[PlyCount "45"]
[EventDate "2016.08.21"]
[EventType "swiss"]
[EventRounds "9"]
[EventCountry "AUT"]
[SourceTitle "CBM 174 Extra"]
[Source "ChessBase"]
[SourceDate "2016.10.10"]
[SourceVersion "1"]
[SourceVersionDate "2016.10.10"]
[SourceQuality "1"]

1. e4 c5 2. Nf3 Nc6 3. Nc3 a6 4. d4 cxd4 5. Nxd4 e6 6. Nxc6 bxc6 7. Bd3 Qc7 8. 0-0 c5 9. b3 Bb7 10. Qe2 Ne7 11. f4 Nc6 12. Bb2 Nd4 13. Qd2 Qa5 14. Rad1 Bc6 15. a4 Qb6 16. Kh1 Rd8 17. Ne2 Nxe2 18. Qxe2 Ra8 19. f5 h5 20. Bc4 Bb7 21. Qf3 f6 22. fxe6 dxe6 23. Bxf6 1-0

[Event "Austrian Eisenbahner-ch"]
[Site "St Veit"]
[Date "2013.05.31"]
[Round "2.5"]
[White "Ross, Helmut"]
[Black "Frey, Armin"]
[Result "1/2-1/2"]
[WhiteElo "1898"]
[BlackElo "1981"]
[PlyCount "22"]
[EventDate "2013.05.30"]
[EventType "swiss"]
[EventRounds "3"]
[EventCountry "AUT"]
[SourceTitle "EXT 2024"]
[Source "ChessBase"]
[SourceDate "2023.10.10"]
[SourceVersion "1"]
[SourceVersionDate "2023.10.10"]
[SourceQuality "1"]

1. e4 e6 2. d4 d5 3. exd5 exd5 4. Bd3 Bd6 5. Ne2 Nf6 6. Bf4 Nc6 7. Bxd6 Qxd6 8. Nd2 Bg4 9. c3 0-0 10. 0-0 Rae8 11. Re1 Qe7 1/2-1/2

[Event "Feffernitz Raika op 21st"]
[Site "Feffernitz"]
[Date "2012.08.24"]
[Round "7"]
[White "Borsos, Bogdan"]
[Black "Frey, Armin"]
[Result "1-0"]
[WhiteElo "2270"]
[BlackElo "1977"]
[PlyCount "33"]
[EventDate "2012.08.19"]
[EventType "swiss"]
[EventRounds "9"]
[EventCountry "AUT"]
[SourceTitle "CBM 150 Extra"]
[Source "ChessBase"]
[SourceDate "2012.10.19"]
[SourceVersion "1"]
[SourceVersionDate "2012.10.19"]
[SourceQuality "1"]

1. d4 e6 2. e4 d5 3. exd5 exd5 4. c4 c6 5. Nf3 Bd6 6. Bd3 Ne7 7. 0-0 h6 8. cxd5 cxd5 9. Ne5 0-0 10. Qh5 Nd7 11. Nc3 Nf6 12. Qf3 a6 13. Bxh6 Ng6 14. Bxg6 gxh6 15. Bf5 Bxf5 16. Qxf5 Kg7 17. Rae1 1-0

[Event "Feffernitz Raika op 21st"]
[Site "Feffernitz"]
[Date "2012.08.22"]
[Round "5"]
[White "Manhardt, Thomas"]
[Black "Frey, Armin"]
[Result "1-0"]
[WhiteElo "2150"]
[BlackElo "1977"]
[PlyCount "53"]
[EventDate "2012.08.19"]
[EventType "swiss"]
[EventRounds "9"]
[EventCountry "AUT"]
[SourceTitle "CBM 150 Extra"]
[Source "ChessBase"]
[SourceDate "2012.10.19"]
[SourceVersion "1"]
[SourceVersionDate "2012.10.19"]
[SourceQuality "1"]

1. e4 e6 2. d4 d5 3. Nc3 Nf6 4. e5 Nfd7 5. f4 c5 6. Nf3 cxd4 7. Nxd4 a6 8. Be3 Nc6 9. Qd2 Qc7 10. 0-0-0 b5 11. h4 h5 12. Qf2 Nxd4 13. Bxd4 Nc5 14. Kb1 Bd7 15. Bd3 Nxd3 16. cxd3 b4 17. Ne2 Bb5 18. Qe3 Be7 19. f5 Rb8 20. fxe6 fxe6 21. Nf4 Rh6 22. Qg3 Kf7 23. Nxd5 Qd7 24. Rhf1+ Kg8 25. Nf6+ Bxf6 26. exf6 Rd8 27. f7+ 1-0

[Event "Benidorm op U2000 09th"]
[Site "Benidorm"]
[Date "2010.12.10"]
[Round "9"]
[White "Vieito Ribelles, Ariadna"]
[Black "Frey, Armin"]
[Result "0-1"]
[WhiteElo "1656"]
[BlackElo "1962"]
[PlyCount "64"]
[EventDate "2010.12.03"]
[EventType "swiss"]
[EventRounds "10"]
[EventCountry "ESP"]
[SourceTitle "CBM 139 Extra"]
[Source "ChessBase"]
[SourceDate "2011.01.05"]
[SourceVersion "1"]
[SourceVersionDate "2011.01.05"]
[SourceQuality "1"]

1. c4 f5 2. d4 e6 3. Nc3 Nf6 4. g3 Be7 5. Bg2 0-0 6. e3 d6 7. Qb3 Nbd7 8. Nf3 c5 9. 0-0 cxd4 10. exd4 Nb6 11. Na4 Nxa4 12. Qxa4 Bd7 13. Qc2 Qc7 14. b3 Rac8 15. a4 e5 16. Ba3 e4 17. Nd2 Kh8 18. Rfe1 Rce8 19. Rac1 d5 20. Bxe7 Rxe7 21. c5 f4 22. Qc3 Ref7 23. gxf4 Qxf4 24. Qe3 Qh4 25. f3 Nh5 26. fxe4 Nf4 27. Nf3 Qg4 28. Rc2 Nh3+ 29. Kh1 Rxf3 30. Bxf3 Rxf3 31. Rg1 Nxg1 32. Qxg1 Qxe4 0-1

[Event "Feffernitz Raika op 18th"]
[Site "Feffernitz"]
[Date "2009.08.17"]
[Round "3"]
[White "Frey, Armin"]
[Black "Gehrmann, Rudolf Rainer"]
[Result "1-0"]
[WhiteElo "1961"]
[BlackElo "2092"]
[PlyCount "99"]
[EventDate "2009.08.16"]
[EventType "swiss"]
[EventRounds "9"]
[EventCountry "AUT"]
[SourceTitle "CBM 131 Extra"]
[Source "ChessBase"]
[SourceDate "2009.09.03"]
[SourceVersion "2"]
[SourceVersionDate "2009.09.16"]
[SourceQuality "1"]

1. f4 d5 2. e3 Nf6 3. Nf3 g6 4. Be2 Bg7 5. 0-0 0-0 6. d3 c5 7. Ne5 Nbd7 8. Bf3 Qb6 9. Nc3 e6 10. e4 c4+ 11. Kh1 d4 12. Nxc4 Qc5 13. Ne2 Nb6 14. Nd2 e5 15. Nb3 Qc7 16. fxe5 Ng4 17. Nexd4 h5 18. h3 Nxe5 19. Bf4 Qe7 20. Be2 Rd8 21. Qe1 a5 22. a4 g5 23. Bxe5 Bxe5 24. Nf5 Bxf5 25. Rxf5 h4 26. Qd2 f6 27. d4 Bc7 28. Qe3 Kh7 29. Raf1 Nd5 30. Qf3 Nf4 31. c3 Qd6 32. e5 fxe5 33. Rxe5 Rf8 34. Qe4+ Ng6 35. Nc5 Rxf1+ 36. Bxf1 Rf8 37. Bd3 Kh6 38. Nxb7 Qf6 39. Rf5 Qxf5 40. Qxf5 Rxf5 41. Bxf5 Nf4 42. Be4 Ne2 43. Bf3 Ng3+ 44. Kg1 Kg6 45. Kf2 Kf6 46. Ke3 Ke7 47. Bg4 Nf1+ 48. Ke2 Ng3+ 49. Kd3 Nf1 50. c4 1-0

[Event "Benidorm op U2000 07th"]
[Site "Benidorm"]
[Date "2008.12.02"]
[Round "4"]
[White "Frey, Armin"]
[Black "Styazhkina, Anna"]
[Result "1/2-1/2"]
[WhiteElo "1999"]
[BlackElo "1907"]
[PlyCount "68"]
[EventDate "2008.11.29"]
[EventType "swiss"]
[EventRounds "9"]
[EventCountry "ESP"]
[SourceTitle "CBM 127 Extra"]
[Source "ChessBase"]
[SourceDate "2009.01.08"]
[SourceVersion "2"]
[SourceVersionDate "2009.01.28"]
[SourceQuality "1"]

1. f4 d5 2. e3 Nf6 3. Nf3 c5 4. Be2 Nc6 5. d4 Bg4 6. Nbd2 e6 7. 0-0 Bd6 8. c3 0-0 9. Ne5 Bxe2 10. Qxe2 Qc7 11. g4 Ne4 12. Ndf3 f6 13. Nxc6 Qxc6 14. Bd2 Rab8 15. dxc5 Bxc5 16. Nd4 Qb6 17. b4 Be7 18. Rfc1 Rbc8 19. a4 e5 20. a5 Qd6 21. Nf5 Qd7 22. Be1 Bd6 23. Qd3 Qc6 24. Rd1 exf4 25. Qxd5+ Qxd5 26. Rxd5 Rcd8 27. Nxd6 Rxd6 28. Rxd6 Nxd6 29. Rd1 Ne4 30. exf4 Re8 31. Bf2 b6 32. axb6 axb6 33. b5 Rc8 34. Rd7 Nxc3 1/2-1/2

[Event "Voesendorf op-A 11th"]
[Site "Voesendorf"]
[Date "2008.05.22"]
[Round "1"]
[White "Frey, Armin"]
[Black "Shengelia, Davit"]
[Result "0-1"]
[WhiteElo "2022"]
[BlackElo "2549"]
[PlyCount "40"]
[EventDate "2008.05.22"]
[EventType "swiss"]
[EventRounds "5"]
[EventCountry "AUT"]
[SourceTitle "CBM 124 Extra"]
[Source "ChessBase"]
[SourceDate "2008.07.03"]
[SourceVersion "1"]
[SourceVersionDate "2008.07.03"]
[SourceQuality "1"]

1. f4 d5 2. Nf3 c5 3. e3 Nc6 4. Be2 g6 5. 0-0 Bg7 6. d3 Nh6 7. Nbd2 Nf5 8. Nb3 Qb6 9. c3 d4 10. e4 dxc3 11. bxc3 Bxc3 12. Ba3 Bb4 13. exf5 Bxa3 14. Rb1 c4+ 15. Nbd4 Bb2 16. Rxb2 Qxb2 17. Nxc6 bxc6 18. fxg6 hxg6 19. dxc4 Bg4 20. Qa4 0-0 0-1

[Event "Voesendorf op"]
[Site "Voesendorf"]
[Date "2007.06.08"]
[Round "3"]
[White "Frey, Armin"]
[Black "Kovacevic, Raimund"]
[Result "1-0"]
[WhiteElo "2031"]
[BlackElo "1828"]
[PlyCount "53"]
[EventDate "2007.06.07"]
[EventType "swiss"]
[EventRounds "5"]
[EventCountry "AUT"]
[SourceTitle "EXT 2008"]
[Source "ChessBase"]
[SourceDate "2007.11.25"]
[SourceVersion "1"]
[SourceVersionDate "2007.11.25"]
[SourceQuality "1"]

1. f4 d5 2. Nf3 g6 3. e3 Bg7 4. d4 Nf6 5. Bd3 b6 6. 0-0 Ba6 7. c3 Bxd3 8. Qxd3 Ne4 9. Nbd2 Nxd2 10. Bxd2 f5 11. c4 a5 12. Rac1 c6 13. b3 0-0 14. Qe2 Qd7 15. h3 Na6 16. Kh2 Nc7 17. Rg1 Kh8 18. Qe1 Bf6 19. Rc2 Rfc8 20. c5 b5 21. Bxa5 Ra6 22. Qc3 Ne6 23. b4 g5 24. Ne5 Bxe5 25. fxe5 f4 26. Rf2 Rg8 27. g3 1-0

[Event "Villach Admira 60 op"]
[Site "Villach"]
[Date "2006.02.16"]
[Round "7"]
[White "Frey, Armin"]
[Black "Peierl, Walter"]
[Result "1/2-1/2"]
[WhiteElo "1996"]
[BlackElo "2034"]
[PlyCount "54"]
[EventDate "2006.02.11"]
[EventType "swiss"]
[EventRounds "9"]
[EventCountry "AUT"]
[SourceTitle "CBM 110 Extra"]
[Source "ChessBase"]
[SourceDate "2006.03.10"]
[SourceVersion "2"]
[SourceVersionDate "2006.03.10"]
[SourceQuality "1"]

1. e4 e6 2. d4 d5 3. Nc3 Bb4 4. e5 c5 5. a3 Bxc3+ 6. bxc3 Qc7 7. f4 Ne7 8. Nf3 c4 9. Be2 Nbc6 10. 0-0 Bd7 11. a4 b6 12. Ba3 Qb7 13. Qb1 Na5 14. Bxe7 Kxe7 15. Nh4 g6 16. h3 Rag8 17. Qc1 Ke8 18. Kh2 Qc8 19. Nf3 Qd8 20. g3 Qe7 21. Kg2 a6 22. Nh2 h5 23. Nf3 Kd8 24. Kh2 Rg7 25. Ng5 Ke8 26. Rf2 Kd8 27. Bf3 Rf8 1/2-1/2